[Event "Karnataka State Open-ch 2018"]
[Site "Bengaluru"]
[Date "2018.04.18"]
[Round "9"]
[White "Girish, A. Koushik"]
[Black "Stany, G.A."]
[Result "1-0"]
[WhiteElo "2401"]
[BlackElo "2493"]
[Annotator "TA"]
[PlyCount "61"]
[EventDate "2018.??.??"]
[EventType "swiss"]
[EventCountry "IND"]
[SourceTitle "playchess.com"]
[Source "ChessBase"]
[SourceQuality "1"]

{[%evp 21,61,0,28,0,-28,-22,9,14,17,18,68,44,161,173,183,186,248,175,187,170,168,141,222,214,139,88,120,106,376,341,316,262,366,391,381,378,775,689,29993,29993,29993,29994]} 1. d4 Nf6 2. c4 g6 3. f3 d5 4. cxd5 Nxd5 5. e4 Nb6 6. Nc3 Bg7 7. Be3 O-O 8. Qd2 e5 9. d5 c6 {D70: Grünfeld: Unusual White 3rd moves (met by ...d5)} 10. O-O-O (10. Rd1 cxd5 11. exd5 N8d7 12. Nh3 e4 13. fxe4 Ne5 14. Nf2 f5 15. Bc5 Rf7 16. Be2 f4 17. Bf3 {½-½ (25) Aronian,L (2805)-Vachier Lagrave,M (2789) London 2017}) 10... cxd5 11. exd5 N8d7 {LiveBook: 5 Games. The position is equal.} 12. h4 (12. Nh3 $142) 12... Nf6 $11 13. Nh3 $146 {[%cal Bg1h3,Bh3f2,Bf2e4][%mdl 32]} ({Find the theoretical novelty and annotate with similar games:} 13. h5 Bd7 14. hxg6 fxg6 15. Nh3 Rc8 16. Kb1 e4 17. Ng5 exf3 {1-0 (26) Morchiashvili,B (2419)-Maghsoodloo,P (2584) Rasht 2017}) 13... Bd7 14. Kb1 Rc8 15. Nf2 Na4 16. Nce4 Qc7 (16... Nxe4 $14 17. Nxe4 f5) 17. Nxf6+ $18 Bxf6 {[#]} 18. Ne4 $1 {[%cal Re4f6]} Bg7 (18... Bf5 {was necessary.} 19. g4 Bxe4+ 20. fxe4 Qd6) 19. Be2 b5 20. h5 {[%cal Bh4h5,Bh5h6][%mdl 32]} f5 21. Rc1 Qd8 (21... Qb8 $16) 22. h6 Bh8 23. Bg5 (23. Rxc8 $142 Qxc8 24. Rc1) 23... Qb6 24. d6 $36 {[%mdl 2048] Black is under strong pressure.} fxe4 $4 {[%mdl 8192]} (24... Qd4 $16) 25. Rxc8 Bxc8 26. d7 Bxd7 27. Qxd7 Bf6 28. Rc1 {[#] Threatening mate with Rc7.} Rd8 $2 (28... Nc5 29. Rxc5 Qxc5) 29. Rc8 {Intending Bxf6 and mate.} exf3 30. Bxf6 {[%csl Gf6,Gh6][%cal Rd7g7]} Qg1+ 31. Bd1 {Precision: White = 72%, Black = 29%.} 1-0

[Event "Karnataka State Open-ch 2018"]
[Site "Bengaluru"]
[Date "2018.04.18"]
[Round "9"]
[White "Ojas, Kulkarni"]
[Black "Dilip Kumar Pedda"]
[Result "1-0"]
[WhiteElo "2252"]
[BlackElo "1653"]
[Annotator "TA"]
[PlyCount "79"]
[EventDate "2018.??.??"]
[EventType "swiss"]
[EventCountry "IND"]
[SourceTitle "playchess.com"]
[Source "ChessBase"]
[SourceQuality "1"]

{[%evp 17,79,60,68,39,39,43,40,42,45,47,55,52,54,54,57,50,102,104,106,121,114,104,91,107,117,89,133,118,131,128,135,118,162,162,162,169,162,167,554,538,29968,29969,12832,12834,29972,29974,29938,29939,29981,29979,6287,5393,5014,4986,3176,2581,29980,29979,29978,29965,6845,6833,29983,29984]} 1. c4 Nf6 2. g3 e6 3. Nf3 d5 4. Bg2 c5 5. O-O Nc6 6. cxd5 exd5 7. d4 Be6 8. Nc3 c4 9. Ne5 {D33: Tarrasch Defence: 6 g3 sidelines} Be7 {LiveBook: 4 Games} 10. Nxc6 (10. f4 Ng4 11. f5 Ncxe5 12. fxe6 fxe6 13. dxe5 {½-½ (13) Neumann,J (2712)-Soltau,A (2620) ICCF email 2008}) 10... bxc6 11. b3 {White is slightly better.} cxb3 12. axb3 O-O 13. Ba3 a5 $146 ({Predecessor:} 13... Bxa3 14. Rxa3 Qe7 15. Qa1 Rfc8 16. Na4 Nd7 {1-0 (39) Lushenkov,M (2369)-Poleschikov,A (1922) Saratov 2007}) 14. Qc2 g6 15. Na4 Bxa3 16. Rxa3 Bd7 (16... Qe7 $14 17. Qc5 Qb7) 17. Rfa1 $16 Qe7 18. Nc5 Bf5 19. Qd2 Rfe8 20. e3 ({Reject} 20. Rxa5 $6 Rxa5 21. Qxa5 Qxe2 $11) 20... Ne4 21. Nxe4 dxe4 22. Bf1 Qd7 23. Rxa5 Rxa5 24. Qxa5 Rb8 25. Bc4 Bh3 26. Qe5 Re8 27. Qf6 c5 $2 (27... Rc8 28. Ra6 Qb7) 28. dxc5 $18 Rd8 {[#]} 29. Bxf7+ $1 {[%mdl 512]} Qxf7 30. Qxd8+ {[%mdl 4096] Endgame KQR-KQB} Kg7 31. Qd4+ Kh6 32. Qxe4 Bf5 33. Qf4+ Kg7 34. g4 Be6 35. Qxf7+ Kxf7 36. b4 Bxg4 37. Ra7+ Ke6 38. Rxh7 Kd5 39. Rh4 Bd7 40. Rd4+ {Precision: White = 81%, Black = 45%.} 1-0

[Event "Karnataka State Open-ch 2018"]
[Site "Bengaluru"]
[Date "2018.04.18"]
[Round "9"]
[White "Yashas, D.."]
[Black "Abhijit Chutia"]
[Result "1-0"]
[WhiteElo "2243"]
[BlackElo "1644"]
[Annotator "TA"]
[PlyCount "149"]
[EventDate "2018.??.??"]
[EventType "swiss"]
[EventCountry "IND"]
[SourceTitle "playchess.com"]
[Source "ChessBase"]
[SourceQuality "1"]

{[%evp 17,149,13,7,-27,-6,-34,-36,-41,-30,-31,11,-8,8,0,17,0,-7,-41,-19,-15,-13,-16,-26,-28,-31,-28,0,-41,-24,-73,0,-88,-91,-395,-96,-96,-95,-165,-122,-255,-56,-86,26,16,76,-31,0,0,0,0,0,-121,0,0,0,0,0,0,0,-2,0,-43,-6,-26,0,-10,-10,-20,33,32,219,39,46,30,60,67,228,215,217,211,281,283,289,289,273,266,303,296,339,195,260,249,364,357,1033,1031,29955,29956,29944,29954,6514,5605,3437,1555,3161,2463,1916,1028,29961,29962,29969,29970,29957,29971,29969,29972,29982,29983,29984,29985,29985,29986,29986,29987,29987,29984,29984,29984,29985,29986,29986,29986,29986,29987]} 1. Nf3 d5 2. b3 Nf6 3. Bb2 g6 4. g3 Bg7 5. Bg2 b6 6. c4 c6 7. O-O O-O 8. d3 Bb7 9. Nbd2 Nbd7 {LiveBook: 9 Games. A11: English Opening: 1...c6} (9... c5 10. cxd5 Nxd5 11. Bxg7 Kxg7 12. Qc2 Nc6 13. Qb2+ f6 14. a3 e5 15. e3 Qe7 16. Rfe1 Qf7 17. Ne4 {½-½ (54) Pantsulaia,L (2612)-Inarkiev,E (2689) Riadh 2017}) 10. Ne1 $146 ({Predecessor:} 10. b4 c5 11. bxc5 Nxc5 12. cxd5 Bxd5 13. a4 a6 14. Qb1 Qe8 15. a5 b5 16. Bd4 Ne6 17. Be5 {½-½ (56) Ushenina,A (2423)-Guramishvili,S (2379) Tbilisi 2018}) 10... Re8 11. b4 e5 {Black is slightly better.} 12. Nc2 Rc8 13. a4 a6 14. Nb3 Qc7 15. c5 Bf8 {[%cal Rb6c5]} 16. Ba3 Rb8 17. d4 exd4 18. Ncxd4 bxc5 19. bxc5 Ne5 20. Bc1 Nfd7 21. Qc2 Bc8 22. e4 dxe4 23. Bxe4 Nf6 (23... Rb4 $1 $17 24. Bf4 Nxc5 $1 {[%mdl 512]} 25. Nxc5 Rxd4) 24. f4 (24. Bg2 $11 {keeps the balance.}) 24... Neg4 $17 25. Bxc6 $2 {[%mdl 8192] [#]} (25. Bf3 $17) 25... Ne3 $2 (25... Rxb3 $1 $19 {[%mdl 512] is more deadly.} 26. Bxe8 (26. Qxb3 Bxc5) 26... Rb4) 26. Bxe3 Rxe3 27. Bg2 (27. Bf3 $17) 27... Bf5 $1 $19 {[%cal Rf5c2][%mdl 1024] Black has strong compensation.} 28. Qc4 {[#]} (28. Nxf5 $17 Rexb3 29. c6) 28... Bd3 $2 ({Black should try} 28... Rexb3 $1 $19 {[%mdl 512]} 29. Nxb3 (29. Qxb3 Rxb3) 29... Be6) 29. Qc3 {Threatens to win with Rfd1.} Rbe8 (29... Bxf1 $17 30. Qxe3 Bxg2 31. Kxg2 Bxc5) 30. Rf3 $11 Qe7 (30... Ng4 $11) 31. h3 (31. c6 $16) 31... Rxf3 32. Nxf3 (32. Bxf3 $2 {too greedy.} Qe3+ 33. Kh1 Ne4 $19) 32... Qe3+ 33. Kh2 {And now Re1 would win.} Ne4 34. Qc1 (34. Qe1 $11 {remains equal.} Nxc5 35. Nxc5 Bxc5 36. Ne5) 34... Nxc5 ({Better is} 34... Qf2 $17 35. Qe1 Qb2) 35. Qxe3 Rxe3 36. Nxc5 Bxc5 37. Rc1 Bb4 38. Ne5 Bf5 39. Bd5 Re2+ (39... Be1 $5 {[%cal Re1g3]} 40. Bf3 Bc3 $15) 40. Kh1 Bxh3 41. Bxf7+ Kf8 {Strongly threatening ...Rxe5!} 42. Bd5 a5 ({Black should play} 42... Re1+ $11 43. Rxe1 Bxe1) 43. Rc7 $14 Be7 $2 (43... h5 $14) 44. Ra7 $2 (44. g4 $1 $18 h6 45. Nxg6+ Ke8 46. Bf3 (46. Nxe7 Rxe7 47. Rxe7+ Kxe7 $16)) 44... Bf5 45. Rxa5 Re1+ 46. Kg2 {Ra8+ is the strong threat.} Be4+ $2 (46... h5 $14) 47. Bxe4 $18 Rxe4 {[%mdl 4096] Endgame KRB-KRN} 48. Kf3 Re1 49. Ra8+ Kg7 50. Ra7 Kf6 {[#]} 51. Nc6 $1 {[%cal Rc6e7]} Bc5 52. Rxh7 Re3+ 53. Kg2 (53. Kg4 $142) 53... Re2+ {[#]} (53... Ra3 $142 54. a5 Ra2+ 55. Kh3 Ra3) 54. Kh3 $1 Rc2 (54... Ra2 {was necessary.} 55. a5 Ra3) 55. Ne5 Bd4 $2 (55... Bf2 56. Ng4+ Kf5 57. Rf7+ Ke6) 56. Nf3 Bb6 57. Ng5 {[%csl Gg5][%cal Rh7f7]} Rc7 58. Rxc7 Bxc7 {KB-KN} 59. Kg4 Ba5 60. Ne4+ (60. Kf3 $142 Ke7 61. g4) 60... Kf7 61. Nc5 Be1 62. Nb3 Bf2 63. a5 {[%cal Ba4a5,Ba5a6][%mdl 32] White mates.} Ke6 64. a6 Kd7 65. Nd2 Kc6 66. Ne4 Be1 67. Kg5 Kb6 68. Kxg6 Kxa6 69. f5 {[%cal Bf4f5,Bf5f6,Bf6f7][%mdl 32]} Kb6 70. f6 Kc6 71. f7 Bb4 72. g4 Kd5 73. Kf5 Bf8 74. Nf6+ Kd6 75. Nh7 {Precision: White = 49%, Black = 18%.} 1-0

[Event "Karnataka State Open-ch 2018"]
[Site "Bengaluru"]
[Date "2018.04.18"]
[Round "9"]
[White "Jagadish, V.."]
[Black "Karthik, H S"]
[Result "1-0"]
[WhiteElo "2157"]
[BlackElo "1897"]
[Annotator "TA"]
[PlyCount "90"]
[EventDate "2018.??.??"]
[EventType "swiss"]
[EventCountry "IND"]
[SourceTitle "playchess.com"]
[Source "ChessBase"]
[SourceQuality "1"]

{[%evp 22,90,33,30,54,52,75,71,79,72,71,61,64,63,102,88,83,72,89,-27,70,83,79,70,100,68,103,35,33,33,52,6,10,0,0,0,0,0,0,0,39,40,179,179,179,179,168,145,218,202,269,274,445,417,29976,29977,29979,29980,29982,29982,29982,29983,29983,29984,29983,29984,29986,29987,29987,29988,29988]} 1. e4 c5 2. Nf3 g6 3. d4 cxd4 4. Nxd4 Nc6 5. c4 Nf6 6. Nc3 Bg7 7. Be3 d6 8. Be2 O-O 9. O-O Bd7 10. f4 Nxd4 11. Bxd4 Bc6 12. Bf3 {LiveBook: 38 Games} Qa5 {B38: Sicilian: Maroczy Bind with 5...Bg7 and 7...0-0} (12... Nd7 13. Bxg7 Kxg7 14. Qd2 a5 15. Rad1 Qb6+ 16. Kh1 Rfd8 17. Nd5 Bxd5 18. exd5 Rac8 19. b3 a4 20. Qc3+ Kg8 {1-0 (31) Shirov,A (2714)-Leon Hoyos,M (2548) Khanty-Mansiysk 2011}) 13. a3 Nd7 $146 ({Predecessor:} 13... Qc7 14. Qd2 Rfd8 15. Qf2 Nd7 16. Bxg7 Kxg7 17. b4 b6 18. Rac1 Nf6 19. g4 Bb7 20. g5 {1-0 (32) Gomez,J (2510)-Abelgas,R (2293) Quezon City 2014}) 14. Bxg7 Kxg7 {White is better.} 15. b4 Qb6+ 16. Kh1 Qe3 17. Qc2 Nb6 18. Be2 $1 {Hoping for Rad1.} f5 19. Qb2 Qd4 20. e5 (20. Rad1 $16 Qf6 21. e5 dxe5 22. b5 Bxg2+ 23. Kxg2 exf4 24. Rxf4) 20... Nxc4 (20... dxe5 $11 21. b5 Be4) 21. Bxc4 $14 Qxc4 22. exd6 {b5 is the strong threat.} Rf6 23. b5 Be4 $1 24. Nxe4 (24. dxe7 $16 {Black must now prevent Rfd1.} Kf7 25. Nxe4 fxe4 26. Rac1) 24... fxe4 25. dxe7 Qe6 26. Rac1 Re8 27. g4 Kg8 28. f5 $36 {[%mdl 2048] White fights for an advantage.} Qxe7 29. fxg6 Rxf1+ 30. Rxf1 $11 {[%mdl 4096] Endgame Threatens to win with Rf7. KQR-KQR} e3 31. Qb3+ Qe6 (31... Kh8 $1 $14 32. Qb2+ Qe5 33. Qxe5+ (33. Rf8+ Kg7 $11) 33... Rxe5) 32. gxh7+ Kxh7 33. Qxe6 Rxe6 $18 {KR-KR} 34. Re1 Kg6 {[#]} (34... e2 $16 {was called for.}) 35. Kg2 $1 Kg5 36. Kf3 e2 $2 (36... Kh4 {keeps fighting.} 37. h3 (37. Rxe3 Rf6+ 38. Kg2 Kxg4 $16) 37... Rf6+ 38. Kxe3 Kxh3) 37. Rxe2 Rxe2 (37... Rd6 $18 38. Re5+ Kf6) 38. Kxe2 {White mates.} Kxg4 {K3P-KPP} 39. Kd3 Kh3 40. Kc4 Kxh2 {[#]} 41. Kc5 $1 Kg3 42. Kd6 Kf4 43. Kc7 Ke5 44. Kxb7 Kd6 45. Kxa7 Kd5 {Precision: White = 69%, Black = 33%.} 1-0

[Event "Karnataka State Open-ch 2018"]
[Site "Bengaluru"]
[Date "2018.04.18"]
[Round "9"]
[White "Hegde, Ravi Gopal"]
[Black "Sujay B M"]
[Result "1-0"]
[WhiteElo "2139"]
[BlackElo "1447"]
[Annotator "TA"]
[PlyCount "61"]
[EventDate "2018.??.??"]
[EventType "swiss"]
[EventCountry "IND"]
[SourceTitle "playchess.com"]
[Source "ChessBase"]
[SourceQuality "1"]

{[%evp 12,61,41,39,59,39,90,22,30,8,27,10,39,49,61,32,76,66,120,130,127,65,107,100,346,306,321,316,281,191,218,236,235,137,267,243,440,425,396,416,404,413,425,302,400,286,282,279,277,278,1415,1379]} 1. e4 c5 2. c3 Nf6 {[%cal Bg8f6,Bf6d5,Bd5b6][%mdl 32]} 3. e5 Nd5 4. Bc4 Nb6 5. Bb3 e6 (5... c4 6. Bc2 Nc6 7. Nf3 Qc7 8. Qe2 g5 9. h3 Bg7 10. Na3 Nxe5 11. Nxg5 d5 12. Nb5 Qd7 13. f4 Nd3+ 14. Bxd3 cxd3 15. Qxd3 f6 16. Nf3 e5 {1-0 (52) Kovalenko,I (2659)-Salem,A (2638) Biel 2017}) 6. d4 {B22: Sicilian: 2 c3} Nc6 7. Nf3 {LiveBook: 28 Games} Be7 8. O-O {White is slightly better.} O-O (8... d5 $14) 9. Bc2 (9. dxc5 $16 Bxc5 10. Na3) 9... cxd4 $11 10. cxd4 Nb4 11. Be4 $146 ({Predecessor:} 11. Bb3 a5 12. a3 N4d5 13. Qd3 {0-1 (42) Brank,Z (1797)-Gratton,D (1656) Nova Gorica 2018}) 11... f5 12. exf6 Bxf6 13. Nc3 d6 14. Re1 Rb8 (14... d5 $14) 15. a3 N4d5 16. Bb1 ({White should try} 16. Qd3 $16) 16... Bd7 17. Ne4 ({Much worse is} 17. Nxd5 $6 Nxd5 18. Qc2 g6 $11) 17... Bc6 $2 {[#]} (17... Qe7 $16 {was worth a try.}) 18. Neg5 Bxg5 19. Nxg5 (19. Bxg5 Qd7 $14) 19... Qf6 20. f3 $40 {[%mdl 128] Black is in trouble.} ({Not} 20. Qc2 g6 $14) 20... g6 21. Rxe6 Qg7 22. h4 (22. Ba2 $18) 22... Nf4 (22... Rfe8 $16 {might work better.}) 23. Rxd6 $18 Qe7 $2 (23... Nbd5 {keeps fighting.} 24. Ne4 Rbd8 25. Rxd8 Rxd8) 24. Bxf4 Rxf4 25. Ba2+ Kh8 26. Re6 Qd7 27. g3 Qxd4+ 28. Qxd4+ Rxd4 29. Re7 {[%csl Gg5][%cal Re7h7] [#]} Rd7 30. Rae1 Rbd8 $2 (30... Rf8 31. Rxd7 Nxd7) 31. Nf7+ {Precision: White = 46%, Black = 20%.} 1-0

[Event "Karnataka State Open-ch 2018"]
[Site "Bengaluru"]
[Date "2018.04.18"]
[Round "9"]
[White "Raducanu, Andrei-Augustin"]
[Black "Sushrutha, Reddy"]
[Result "1-0"]
[WhiteElo "2063"]
[BlackElo "1583"]
[Annotator "NA RC"]
[PlyCount "63"]
[EventDate "2018.??.??"]
[EventType "swiss"]
[EventCountry "IND"]
[SourceTitle "playchess.com"]
[Source "ChessBase"]
[SourceQuality "1"]
[TimeControl "5400+30"]

1. e4 {[%emt 0:00:00]} e6 {[%emt 0:02:58]} 2. d4 {[%emt 0:00:00]} d5 {[%emt 0:00:05]} 3. exd5 {[%emt 0:00:00]} exd5 {[%emt 0:00:10]} 4. Bd3 {[%emt 0:00:00]} Nf6 {[%emt 0:00:16]} 5. Nf3 {[%emt 0:00:00]} Bd6 {[%emt 0:00:10]} 6. O-O {[%emt 0:00:14]} O-O {[%emt 0:00:03]} 7. b3 {[%emt 0:01:53]} Bg4 {[%emt 0:00:20]} 8. c4 {[%emt 0:02:44]} c6 {[%emt 0:00:24]} 9. h3 {[%emt 0:00:47]} Bh5 {[%emt 0:00:13]} 10. Bg5 {[%emt 0:00:05]} Nbd7 {[%emt 0:00:54]} 11. g4 {[%emt 0:07:12]} Bg6 {[%emt 0:00:10]} 12. c5 {[%emt 0:06:26]} Bc7 {[%emt 0:00:48]} 13. Nc3 {[%emt 0:00:45]} Bxd3 {[%emt 0:00:21]} 14. Qxd3 {[%emt 0:00:03]} h6 {[%emt 0:00:25]} 15. Bd2 {[%emt 0:01:17]} Re8 {[%emt 0:00:17]} 16. Rae1 {[%emt 0:00:47]} Nf8 {[%emt 0:00:34]} 17. Rxe8 {[%emt 0:01:47]} Qxe8 {[%emt 0:00:18]} 18. Re1 {[%emt 0:00:13]} Qd7 {[%emt 0:00:44]} 19. Ne5 {[%emt 0:00:45]} Qc8 {[%emt 0:03:40]} 20. f4 {[%emt 0:03:02]} N8d7 {[%emt 0:00:55]} 21. b4 {[%emt 0:06:03]} Nxe5 {[%emt 0:01:45]} 22. dxe5 {[%emt 0:00:38]} Nh7 {[%emt 0:01:36]} 23. Ne2 {[%emt 0:02:43]} Qf8 {[%emt 0:01:50]} 24. Nd4 {[%emt 0:08:23]} g6 {[%emt 0:00:36]} 25. f5 {[%emt 0:03:56]} g5 {[%emt 0:02:01]} 26. f6 {[%emt 0:02:04]} Re8 {[%emt 0:00:07]} 27. Qf5 {[%emt 0:00:23]} Kh8 {[%emt 0:00:40]} 28. e6 {[%emt 0:02:36]} fxe6 {[%emt 0:00:52]} 29. Nxe6 {[%emt 0:00:56]} Qf7 {[%emt 0:00:29]} 30. Nxc7 {[%emt 0:01:24]} Rxe1+ {[%emt 0:00:57]} 31. Bxe1 {[%emt 0:00:02]} Qxc7 {[%emt 0:00:03]} 32. Qe6 {[%emt 0:03:54]} 1-0

[Event "Karnataka State Open-ch 2018"]
[Site "Bengaluru"]
[Date "2018.04.18"]
[Round "9"]
[White "Kishan, Gangolli"]
[Black "Kulkarni, Vinayak"]
[Result "1/2-1/2"]
[WhiteElo "1974"]
[BlackElo "2179"]
[Annotator "TA"]
[PlyCount "30"]
[EventDate "2018.??.??"]
[EventType "swiss"]
[EventCountry "IND"]
[SourceTitle "playchess.com"]
[Source "ChessBase"]
[SourceQuality "1"]

{[%evp 28,30,80,0,68]} 1. d4 Nf6 2. c4 e6 3. Nf3 c5 4. d5 exd5 5. cxd5 d6 6. Nc3 g6 7. h3 Bg7 8. e4 O-O 9. Bd3 a6 10. a4 Nbd7 11. O-O Nh5 12. Bg5 {A70: Modern Benoni: 6 e4 g6 7 Nf3} Bf6 13. Bh6 $146 ({Find the theoretical novelty and annotate with similar games:} 13. Be3 Ne5 14. Be2 Nxf3+ 15. Bxf3 Ng7 16. Bf4 Rb8 17. a5 b5 18. axb6 Rxb6 19. Na4 Rb4 20. Bd2 Rb8 21. Rb1 {0-1 (47) Sargissian,G (2667)-Gashimov,V (2740) Mainz 2009}) 13... Bg7 14. Bg5 Bf6 15. Bh6 {LiveBook: 45 Games} Bg7 1/2-1/2

[Event "Karnataka State Open-ch 2018"]
[Site "Bengaluru"]
[Date "2018.04.18"]
[Round "9"]
[White "Sekhawat, Hussen"]
[Black "Arvind, Ramnath Iyer"]
[Result "0-1"]
[WhiteElo "1915"]
[BlackElo "1519"]
[Annotator "NA"]
[PlyCount "88"]
[EventDate "2018.??.??"]
[EventType "swiss"]
[EventCountry "IND"]
[SourceTitle "playchess.com"]
[Source "ChessBase"]
[SourceQuality "1"]
[TimeControl "5400+30"]

1. Nf3 {[%emt 0:00:00]} Nf6 {[%emt 0:00:05]} 2. g3 {[%emt 0:00:00]} g6 {[%emt 0:00:01]} 3. b3 {[%emt 0:00:11]} Bg7 {[%emt 0:00:05]} 4. Bb2 {[%emt 0:00:10]} c5 {[%emt 0:00:04]} 5. Bg2 {[%emt 0:00:55] A05: Réti Opening: 1 Nf3 Nf6} d6 {[%emt 0:00:37]} 6. O-O {[%emt 0:01:53]} e5 {[%emt 0:01:15]} 7. e3 {[%emt 0:01:47]} Nc6 {[%emt 0:02:09]} 8. c4 {[%emt 0:05:36]} O-O {[%emt 0:04:45]} 9. d3 {[%emt 0:09:11]} (9. d4 cxd4 10. exd4 Bg4 11. h3 Bxf3 12. Bxf3 exd4 13. Bxc6 bxc6 14. Bxd4 {0-1 (31) Inarkiev,E (2689)-Li,C (2732) Riadh 2017}) 9... h6 {[%emt 0:05:39]} 10. Nc3 {[%emt 0:04:29]} Be6 {[%emt 0:06:05]} 11. Rc1 {[%emt 0:09:45]} Qd7 {[%emt 0:02:50]} 12. Ne4 $146 {[%emt 0:05:51]} ({Predecessor:} 12. Re1 Ne8 13. a3 Nc7 14. Nd2 Rab8 15. Nd5 Bg4 16. Qc2 Nxd5 17. cxd5 {1-0 (47) Simic,R (2460)-Vujakovic,B (2400) Zlatibor 1989}) 12... Rad8 {[%emt 0:02:41]} 13. Qd2 {[%emt 0:02:30]} Bh3 {[%emt 0:04:21]} 14. a3 {[%emt 0:02:53]} Bxg2 {[%emt 0:02:05]} 15. Kxg2 {[%emt 0:00:02]} Nh5 {[%emt 0:03:51]} 16. Nc3 {[%emt 0:11:23]} f5 {[%emt 0:05:21]} 17. h3 f4 18. Qe2 {[%emt 0:14:35]} Qf7 {[%emt 0:14:44]} 19. Ne4 {[%emt 0:03:37]} g5 {[%emt 0:04:09]} 20. g4 {[%emt 0:00:30]} Nf6 {[%emt 0:00:40]} 21. Rg1 {[%emt 0:05:26]} Qd7 {[%emt 0:06:08]} 22. Nxf6+ {[%emt 0:02:14]} Rxf6 {[%emt 0:01:07]} 23. e4 {[%emt 0:00:27]} h5 {[%emt 0:04:59]} 24. Kf1 {[%emt 0:00:54]} Bh6 {[%emt 0:00:49]} 25. Ke1 {[%emt 0:02:22]} h4 {[%emt 0:02:38]} 26. Nxh4 {[%emt 0:03:40]} gxh4 {[%emt 0:00:11]} 27. g5 {[%emt 0:00:07]} Rg6 {[%emt 0:00:28]} 28. Qh5 {[%emt 0:00:45]} Qg7 {[%emt 0:00:26]} 29. gxh6 {[%emt 0:01:11]} Rxg1+ {[%emt 0:01:13]} 30. Ke2 {[%emt 0:01:12]} Qg5 {[%emt 0:01:26]} 31. Rxg1 {[%emt 0:02:07]} Qxg1 {[%emt 0:00:02]} 32. b4 {[%emt 0:00:25]} f3+ {[%emt 0:00:15]} 33. Qxf3 {[%emt 0:00:11]} Qg6 {[%emt 0:02:30]} 34. b5 {[%emt 0:01:01]} Nd4+ {[%emt 0:01:01]} 35. Bxd4 cxd4 36. b6 {[%emt 0:01:58]} a6 {[%emt 0:01:39]} 37. c5 {[%emt 0:00:58]} dxc5 {[%emt 0:00:38]} 38. Kf1 {[%emt 0:00:47]} Rf8 {[%emt 0:00:52]} 39. Qd1 {[%emt 0:00:25]} Qxh6 {[%emt 0:00:06]} 40. Qb3+ {[%emt 0:00:21]} Rf7 {[%emt 0:00:29]} 41. Qd1 {[%emt 0:00:48]} Qf4 {[%emt 0:00:19]} 42. Qc2 {[%emt 0:00:36]} Qf3 {[%emt 0:00:41]} 43. Qd2 {[%emt 0:00:54]} Qh1+ {[%emt 0:00:31]} 44. Ke2 {[%emt 0:00:11]} Qg1 {[%emt 0:00:03]} 0-1